000 00502nam a22001817a 4500
005 20251108165343.0
008 250721s1998 xx 000 0 ara d
082 1 4 _a615.89/قاس
100 1 _aقاسم، محمد
245 1 0 _aالتداوي بالأعشاب /
264 1 _aعمان :
_bدار أسامة،
_c1998.
300 _aج
650 1 7 _aالطب الشعبي
650 1 7 _aالأعشاب الطبية
650 1 7 _aالنباتات الطبية
942 _2ddc
_cBK
999 _c25846
_d25846